Piłkarska kariera Cafu. - Statystyki

Ogólne statystyki
  • Ten quiz został rozwiązany 43 razy
  • Średni wynik to 2 z 7
Statystyki odpowiedzi
Lata Drużyna % Poprawnych
2003-2008 Milan
89%
1997-2003 Roma
54%
1988-1995 Sao Paulo
43%
1995-1997 Palmeiras
17%
1995-1995 Juventude
9%
1995-1995 Real Zaragoza
6%
2008-2009 Garforth Town
3%
Nie znaleziono quizów pasujących do podanych kryteriów
Rozkład punktacji
Procent ludzi z każdym wynikiem
Percentyl według liczby udzielonych odpowiedzi
Twoja historia wyników
Nie rozwiązałeś tego quizu